University of Texas Campuses - Statistics

General Stats
  • This quiz has been taken 129 times
    118 since last reset
  • The average score is 6 of 8
Answer Stats
Year of Joining System City % Correct
1883 Austin
99%
1969 San Antonio
94%
1969 Richardson (Dallas)
93%
1967 El Paso
89%
1965 Arlington
76%
2005 Rio Grande Valley
50%
1979 Tyler
50%
1973 Odessa (Permian Basin)
46%
No matching quizzes found
Score Distribution
Percent of People with Each Score
Percentile by Number Answered
Your Score History
You have not taken this quiz since the last reset